| 000 | 00969cam a22002897a 4500 | ||
|---|---|---|---|
| 003 | CHAP | ||
| 005 | 20220329140652.0 | ||
| 008 | 971013s1841 r 00010 d | ||
| 010 | _a55732 | ||
| 011 | _a56704 | ||
| 035 | _a60857 | ||
| 040 | _cCHAP | ||
| 082 |
_a342.726 _bY6 |
||
| 100 |
_aYucatán. Leyes, decretos, etc. _9175438 |
||
| 245 | 0 | _aReglamento para el nombramiento de diputados, senadores y gobernador, y para el de ayuntamiento, alcaldes municipales y jueces de paz | |
| 260 |
_a(Mérida : _b(s.e.), _c(1841) |
||
| 300 | _a19 p. | ||
| 500 | _aEncuadernado con: Yucatán. Constitución | ||
| 590 |
_aBATCH-UPD _b10 _c20130110 _lUCH01 _h1920 |
||
| 590 |
_aBATCH-UPD _b10 _c20130410 _lUCH01 _h1246 |
||
| 590 |
_aBATCH-UPD _b10 _c20130914 _lUCH01 _h2111 |
||
| 590 |
_aCONVERSION _b10 _c20130109 _lUCH01 _h1330 |
||
| 650 | 1 | 4 |
_aYucatán _xPolítica y gobierno. _9123327 |
| 901 | _aBK | ||
| 942 | _cLIBRO | ||
| 949 |
_a342.726 Y6 _bBC _cBPP _d-130941 _eBPP _i60857 _si |
||
| 999 |
_c55732 _d55732 |
||